| 000 | 00837nam a2200241Ia 4500 | ||
|---|---|---|---|
| 001 | 1284 | ||
| 003 | GE_BSU | ||
| 008 | 181216s||||||||xx |||||||||||||| ||und|| | ||
| 020 | _a5505005705 | ||
| 040 | _cGE_BSU | ||
| 080 | _a624.04(075.32) | ||
| 100 | _aლაითაძე, ლ. | ||
| 245 | _aსამშენებლო მექანიკა. ნ.1. | ||
| 245 | _bთეორიული მექანიკა. სახელმძღვანელო ტექნიკუმებისათვის. | ||
| 260 | _aთბილისი | ||
| 260 | _bგანათლება | ||
| 260 | _c1988 | ||
| 300 | _a496 გვ. 21 სმ. | ||
| 541 | _h12 ლ. | ||
| 653 | _aთეორიული მექანიკა. | ||
| 653 | _aსამშენებლო მექანიკა. | ||
| 942 | _cBK | ||
| 999 |
_c35427 _d35427 |
||